Turrialba: Organizaciones y líderes de la comunidad

Shranjeno v:
Bibliografske podrobnosti
Korporativna značnica: Instituto de Fomento y Asesoría Municipal (Costa Rica)
Format: Texto
Jezik:Spanish
Izdano: San José : 1975
Teme:
Oznake: Označite
Brez oznak, prvi označite!

MARC

LEADER 00000 a a2200000 04500
001 15186
003 cru CIDCACS/IIS
005 20231128085035.0
008 231122b |||||||| |||| 00| 0 spa d
040 |c cru CIDCACS/IIS 
090 |a 01.03.01 I59o 
110 |a Instituto de Fomento y Asesoría Municipal (Costa Rica)  
245 |a Turrialba: Organizaciones y líderes de la comunidad  
260 |a San José :   |c 1975 
300 |a 13 p  
650 |a TURRIALBA, CCA  
650 |a DESARROLLO DE LA COMUNIDAD  
650 |a LIDERAZGO  
942 |2 z  |c LI  |h 01.03.01 I59o  |i 05341  |6 010301_I59O_05341 
999 |c 15787  |d 15787